| 000 | 00413nam a22001697a 4500 | ||
|---|---|---|---|
| 003 | CEME | ||
| 005 | 20210628202543.0 | ||
| 008 | 210316b xxu||||| |||| 00| 0 eng d | ||
| 020 | _a0-201-50897-4 | ||
| 040 | _c. | ||
| 082 | _a515 DOU'I | ||
| 100 |
_aDouglass, S. A _960460 |
||
| 245 | _aIntroduction to mathematical analysis | ||
| 260 |
_aNEWYORK _bADDISON WESLEY _c1996 |
||
| 300 | _a737P | ||
| 942 |
_cBK _2ddc |
||
| 999 |
_c570171 _d570171 |
||